Dates : Histoire de l'Espagne - Statistiques

Statistiques générales
  • Ce quiz a été pris 242 fois
  • Le résultat moyen est 4 sur 14
Statistiques - réponses
Evénement Dates % Correct
Christophe Colomb découvre l'Amérique 1492
93%
Mort de Franco 1975
93%
Début de l'expédition de Napoléon en Espagne 1808
49%
Abdication de Juan Carlos Ier 2014
41%
Arrivée de Tariq Ibn Ziyad en Espagne 711
33%
Début de la dictature de Primo de Rivera 1923
29%
Guerre Hispano-Américaine 1898
27%
Fin de la Guerre de Succession d'Espagne 1714
22%
Charles Ier d'Espagne devient empereur du Saint-Empire 1519
19%
Bataille de Las Navas de Tolosa 1212
17%
Bataille de Lépante 1571
15%
Mort de Rodrigue Diaz de Vivar 1099
5%
Velasquez peint Les Ménines 1656
5%
Création du Royaume Wisigoth 418
4%
Aucun quiz correspondant
Distribution des résultats
% des personnes avec chaque résultat
Percentile par nombre de réponses
Votre historique - résultats
Vous n’avez pas pris ce quiz